| 000 | 00900nam a2200205 i 4500 | ||
|---|---|---|---|
| 001 | 84553 | ||
| 003 | ES-MaACL | ||
| 005 | 20250531063029.0 | ||
| 007 | t| | ||
| 008 | 041123m19471950sp ||||1| spa d | ||
| 100 | 1 |
_aJiménez de Gregorio, Fernando, _d1911-2012 _966505 |
|
| 245 | 1 | 0 |
_aHallazgos arqueológicos en La Jara I-II-III / _cpor Fernando Giménez de Gregorio. |
| 260 |
_aToledo : _b[s.n., _c1947-1950] |
||
| 300 |
_a5 lám. ; _c28 cm. |
||
| 500 | _aPrecede al tít.: Real Academia de Bellas Artes y Ciencias Históricas de Toledo. | ||
| 500 | _aEs separata de: Boletín de la Real Academia de Bellas Artes y Ciencias Históricas de Toledo. Año XXV, nº 61, y del Archivo Español de Arqueología núms. 78-79, 1950. | ||
| 710 | 2 |
_aReal Academia de Bellas Artes y Ciencias Históricas de Toledo. _96297 |
|
| 852 |
_aES-MaACL _j1917-F-11-13 _bR.30825 |
||
| 999 |
_c84553 _d84553 |
||